|
|
|
|
| LEADER |
00000nam0a2200000 4500 |
| 001 |
354011 |
| 005 |
20231102010641.0 |
| 035 |
|
|
|a (RuTPU)RU\TPU\retro\11269
|
| 090 |
|
|
|a 354011
|
| 100 |
|
|
|a 20200611d1972 m y0rusy50 ca
|
| 101 |
0 |
|
|a rus
|
| 102 |
|
|
|a RU
|
| 105 |
|
|
|a y j 001zy
|
| 200 |
1 |
|
|a История государства и права СССР
|e учебник для вузов
|h Ч. 1
|f под ред. Г. С. Калинина, А. Ф. Гончарова
|
| 210 |
|
|
|a Москва
|c Юридическая литература
|d 1972
|
| 215 |
|
|
|a 672 с.
|c ил.
|
| 320 |
|
|
|a Библиография в ссылках
|
| 606 |
1 |
|
|a Государство и право России
|x История
|2 stltpush
|3 (RuTPU)RU\TPU\subj\8397
|9 35812
|
| 610 |
1 |
|
|a предмет
|
| 610 |
1 |
|
|a метод
|
| 610 |
1 |
|
|a периодизация
|
| 610 |
1 |
|
|a рабовладельчесое право
|
| 610 |
1 |
|
|a феодальное право
|
| 610 |
1 |
|
|a феодальная раздробленность
|
| 610 |
1 |
|
|a Древняя Русь
|
| 610 |
1 |
|
|a татаро-монгольское нашествие
|
| 610 |
1 |
|
|a сословная монархия
|
| 610 |
1 |
|
|a Великое княжество Литовское
|
| 610 |
1 |
|
|a Украина
|
| 610 |
1 |
|
|a Белоруссия
|
| 610 |
1 |
|
|a Молдавия
|
| 610 |
1 |
|
|a 13 век
|
| 610 |
1 |
|
|a 14 век
|
| 610 |
1 |
|
|a 15 век
|
| 610 |
1 |
|
|a 16 век
|
| 610 |
1 |
|
|a 17 век
|
| 610 |
1 |
|
|a 18 век
|
| 610 |
1 |
|
|a 19 век
|
| 610 |
1 |
|
|a абсолютизм
|
| 610 |
1 |
|
|a капиталистическое общество
|
| 610 |
1 |
|
|a Прибалтика
|
| 610 |
1 |
|
|a Закавказье
|
| 610 |
1 |
|
|a Средняя Азия
|
| 610 |
1 |
|
|a Казахстан
|
| 610 |
1 |
|
|a 20 век
|
| 610 |
1 |
|
|a Первая мировая война 1914-1918
|
| 610 |
1 |
|
|a Февральская революция 1917
|
| 610 |
1 |
|
|a учебники
|
| 675 |
|
|
|a Х2(2)я73
|v 4
|
| 702 |
|
1 |
|a Калинин
|b Г. С.
|4 340
|
| 702 |
|
1 |
|a Гончаров
|b А. Ф.
|4 340
|
| 801 |
|
1 |
|a RU
|b 63413507
|c 20200611
|
| 801 |
|
2 |
|a RU
|b 63413507
|c 20201210
|g RCR
|
| 942 |
|
|
|c BK
|